Komentár k novele zákona o daniach z príjmov
Cieľ ustanovenia par. 23a zákona č. 173/1998 Z.z. o daniach z príjmov. Smernica o transferovom oceňovaní pre nadnárodné spoločnosti a správu daní. Praktické príklady pre daňovníkov.
Guardado en:
| Autor principal: | |
|---|---|
| Otros Autores: | , , |
| Formato: | Capítulo de libro |
| Lenguaje: | eslovaco |
| Materias: | |
| Etiquetas: |
Sin Etiquetas, Sea el primero en etiquetar este registro!
|
MARC
| LEADER | 00000naa a2200000 4500 | ||
|---|---|---|---|
| 001 | r035348 | ||
| 005 | 20230911130425.6 | ||
| 041 | 0 | |a slo | |
| 044 | |a SK | ||
| 245 | 1 | 0 | |a Komentár k novele zákona o daniach z príjmov |c Viera Mezeiová, Dalila Luknárová, Zdenka Kováčová, Jana Veselská |
| 520 | |a Cieľ ustanovenia par. 23a zákona č. 173/1998 Z.z. o daniach z príjmov. Smernica o transferovom oceňovaní pre nadnárodné spoločnosti a správu daní. Praktické príklady pre daňovníkov. | ||
| 610 | 2 | 0 | |a dane z príjmov |
| 610 | 2 | 0 | |a osoby fyzické |
| 610 | 2 | 0 | |a osoby právnické |
| 610 | 2 | 0 | |a zisk podnikateľský |
| 610 | 2 | 0 | |a oceňovanie |
| 610 | 2 | 0 | |a cena nehnuteľností |
| 610 | 2 | 0 | |a daňovníci |
| 610 | 2 | 0 | |a zmluvy nájomné |
| 610 | 2 | 0 | |a zákony |
| 610 | 2 | 0 | |a komentáre |
| 610 | 2 | 0 | |a Slovensko |
| 610 | 2 | 0 | |a 1998 |
| 100 | 1 | |a Mezeiová, Viera | |
| 700 | 1 | |a Luknárová - Kutišová, Dalila | |
| 700 | 1 | |a Kováčová, Zdenka | |
| 700 | 1 | |a Veselská, Jana | |